| 000 | 00875cam a22002651 4500 | ||
|---|---|---|---|
| 001 | 24290 | ||
| 003 | BD-RjUL | ||
| 005 | 20211209001030.0 | ||
| 008 | 140313s1941 mnubcfh b s001 0ceng | ||
| 035 | _a(BD-RjUL)24356 | ||
| 040 |
_aDLC/ICU _cICU _dDLC _dBD-RjUL _beng |
||
| 041 | _aeng | ||
| 082 | 0 | 0 |
_a926.1 _bCLD 1941 |
| 100 | 1 |
_aClapesattle, Helen. _974811 |
|
| 245 | 1 | 4 |
_aThe Doctors Mayo : _cby Helen Clapesattle. |
| 260 |
_aMinneapolis : _bThe University of Minnesota press, _cc1941. |
||
| 300 |
_axiv, 822 p. : _bplates, ports., maps, facsim ; _c23 cm. |
||
| 504 | _aIncludes "bibliographical notes" (p. 717-799) and index. | ||
| 600 | 1 | 0 |
_aMayo, William Worrall, _d1819-1911. _982786 |
| 600 | 1 | 0 |
_aMayo, Charles Horace, _d1865-1939. _982787 |
| 600 | 1 | 0 |
_aMayo, William James, _d1861-1939. _982788 |
| 942 |
_2ddc _cBK |
||
| 999 |
_c24290 _d24290 |
||